| 000 | 01162nam a22003017a 4500 | ||
|---|---|---|---|
| 003 | CHAP | ||
| 005 | 20220817044436.0 | ||
| 008 | 110429s1980 mx a r 00010 spa d | ||
| 010 | _a101092 | ||
| 011 | _a102064 | ||
| 035 | _a112752 | ||
| 040 | _cCHAP | ||
| 082 | 0 | 4 |
_a631.521 _bF51 |
| 110 | 2 |
_aFideicomisos Instituídos en Relación con la Agricultura. México _940733 |
|
| 245 | 1 | 0 |
_aPresentación del estudio sobre producción de semillas mejoradas [convenio SARH - FIRA CP] y proyecto del plan de financiamiento FIRA _c/por Fideicomisos Instituídos en Relación con la Agricultura |
| 260 |
_a[México] : _bBanco de México, _c1980 |
||
| 300 |
_a87 p. : _bilus., diagramas, gráfs. |
||
| 590 |
_aBATCH-UPD _b10 _c20130110 _lUCH01 _h1338 |
||
| 590 |
_aBATCH-UPD _b10 _c20130410 _lUCH01 _h0840 |
||
| 590 |
_aBATCH-UPD _b10 _c20130914 _lUCH01 _h2019 |
||
| 590 |
_aCONVERSION _b10 _c20130109 _lUCH01 _h1356 |
||
| 650 | 1 | 4 |
_aSemillas _xAspectos económicos. _9103879 |
| 650 | 1 | 4 |
_aSemillas _xMejoramiento. |
| 650 | 1 | 4 |
_aSemillas _xProducción. _9103927 |
| 901 | _aBK | ||
| 942 | _cLIBRO | ||
| 949 |
_a631.521 F51 _bBC _cLIBRO _d33724002254306 _eLIBRO _h114817 _i112752 _sb |
||
| 999 |
_c101092 _d101092 |
||